000 00992cam a2200373 4500500
005 20260405002947.0
041 _afre
042 _adc
100 1 0 _aGastineau, Nicolas
_eauthor
245 0 0 _aRepérages / novembre 2019
260 _c2019.
500 _a99
690 _aBanksy
690 _aBrexit
690 _aGoogle
690 _aGrande-Bretagne
690 _aHannah Arendt
690 _aJacques Chirac
690 _aNasa
690 _aOrdinateur
690 _aOrdinateur quantique
690 _aPaul Ricœur
690 _aPhysique quantique
690 _aPromesse
690 _aQuantique
690 _aréfugiés
690 _aRoyaume-Uni
690 _aStreet art
690 _aSuprématie quantique
690 _aThomas Cook
690 _aTourisme
786 0 _nPhilosophie magazine | 134 | 11 | 2019-11-01 | p. 3-3 | 1951-1787
856 4 1 _uhttps://shs.cairn.info/magazine-philosophie-magazine-2019-11-page-3?lang=fr&redirect-ssocas=7080
999 _c2062961
_d2062961